000
00286nam a2200121Ia 4500
008
190216s9999||||xx |||||||||||||| ||und||
100
_a
Sheila Burnford
245
4
_a
The Incredible Journey
260
_b
Bi Pub
_c
1983
300
_a
150p
650
_a
English Short Stories
942
_c
BK
999
_c
13113
_d
13113